| 000 | 00715nam a2200205 a 4500 | ||
|---|---|---|---|
| 001 | BRCA_1480 | ||
| 005 | 20190320203440.0 | ||
| 008 | 191105s1990-------a---###---#000-0#eng-d | ||
| 020 | _a050023597X | ||
| 050 | 4 |
_aNK9204 _b.P35 1990 |
|
| 100 | 1 |
_aPaine, Sheila _94841 |
|
| 245 | 1 | 0 |
_aEmbroidered Textiles _bTradicional PatternS from Five Continents _cSheila Paine. |
| 260 |
_aLondres _bThames and Hudson _c1990 |
||
| 300 |
_a192 p. _bil. (algunas a color) _c25 cm. |
||
| 500 | _aIncluye una guía de identificación de los países incluidos | ||
| 500 | _aIncluye lista de ilustraciones, glosario e índice alfabético | ||
| 504 | _aBibliografía : p. 179-181 | ||
| 650 | 1 | 4 |
_aBordado _xTécnica _94842 |
| 942 |
_2lcc _cB |
||
| 999 |
_c1342 _d1342 |
||